[Event "HUN-chT2 Breyer 1112"]
[Site "Hungary"]
[Date "2011.11.13"]
[Round "3.1"]
[White "Bereczki, Janos"]
[Black "Kubacsny, Laszlo"]
[Result "1-0"]
[WhiteElo "2198"]
[BlackElo "2320"]
[PlyCount "83"]
[EventDate "2011.09.25"]
[EventType "team-tourn"]
[EventRounds "11"]
[EventCountry "HUN"]
[SourceTitle "EXT 2013"]
[Source "ChessBase"]
[SourceDate "2012.11.22"]
[SourceVersion "1"]
[SourceVersionDate "2012.11.22"]
[SourceQuality "1"]
[WhiteTeam "Zoltek"]
[BlackTeam "Torokbalint"]
[WhiteTeamCountry "HUN"]
[BlackTeamCountry "HUN"]

1. d4 Nf6 2. Nf3 g6 3. g3 Bg7 4. Bg2 0-0 5. 0-0 d6 6. c4 a6 7. Nc3 Nc6 8. e3 Rb8 9. a3 e5 10. b4 b5 11. cxb5 axb5 12. dxe5 Nxe5 13. Nxe5 dxe5 14. Bb2 Qe7 15. Rc1 Be6 16. Qc2 Bc4 17. Rfd1 c5 18. bxc5 Qxc5 19. Na2 Rbc8 20. Nb4 Qe7 21. Nc6 Qe6 22. Na5 Bd5 23. Bxd5 Rxc2 24. Bxe6 Rxb2 25. Bd5 Nxd5 26. Rxd5 Ra8 27. Nc6 Bf8 28. Nxe5 Bxa3 29. Rc7 Rf8 30. Rdd7 Rb1+ 31. Kg2 Bb2 32. Nxf7 Bg7 33. Nd6 Be5 34. f4 Rb2+ 35. Kh3 Bh8 36. Nf7 Bg7 37. Ng5 Bh8 38. Rxh7 Rd2 39. Rb7 Rd5 40. e4 Rxg5 41. fxg5 b4 42. Rh6 1-0

[Event "Zalakaros op 30th"]
[Site "Zalakaros"]
[Date "2011.05.26"]
[Round "7"]
[White "Bereczki, Janos"]
[Black "Varga, Melinda"]
[Result "0-1"]
[WhiteElo "2198"]
[BlackElo "2125"]
[PlyCount "86"]
[EventDate "2011.05.20"]
[EventType "swiss"]
[EventRounds "9"]
[EventCountry "HUN"]
[SourceTitle "CBM 142 Extra"]
[Source "ChessBase"]
[SourceDate "2011.06.27"]
[SourceVersion "1"]
[SourceVersionDate "2011.06.27"]
[SourceQuality "1"]

1. d4 d5 2. Nf3 Nf6 3. c4 c6 4. Nc3 dxc4 5. a4 Bf5 6. Ne5 Nbd7 7. Nxc4 Nb6 8. Ne5 a5 9. f3 Nfd7 10. Nxd7 Qxd7 11. e4 Bg6 12. Be3 e5 13. dxe5 Qxd1+ 14. Rxd1 Nd7 15. Be2 Bb4 16. 0-0 h6 17. Na2 Bc5 18. Bxc5 Nxc5 19. Nc3 0-0 20. Bd3 Rfe8 21. Bc2 Rxe5 22. Rd2 Ree8 23. Rfd1 Ra6 24. Rb1 Rb6 25. Kf2 f6 26. Na2 Bf7 27. Nc1 Rb4 28. Nd3 Nxd3+ 29. Rxd3 Ba2 30. Ra1 Rxb2 31. Rd2 Be6 32. g4 Kf8 33. Ke3 Ke7 34. Bd3 Rb3 35. Ke2 Rd8 36. Rad1 Rbxd3 37. Rxd3 Bc4 38. Ke3 Rxd3+ 39. Rxd3 Bxd3 40. Kxd3 b5 41. axb5 cxb5 42. f4 g5 43. f5 a4 0-1

[Event "Zalakaros op 30th"]
[Site "Zalakaros"]
[Date "2011.05.24"]
[Round "5"]
[White "Bereczki, Janos"]
[Black "Horvath, Viktoria"]
[Result "1-0"]
[WhiteElo "2198"]
[BlackElo "2013"]
[PlyCount "37"]
[EventDate "2011.05.20"]
[EventType "swiss"]
[EventRounds "9"]
[EventCountry "HUN"]
[SourceTitle "CBM 142 Extra"]
[Source "ChessBase"]
[SourceDate "2011.06.27"]
[SourceVersion "1"]
[SourceVersionDate "2011.06.27"]
[SourceQuality "1"]

1. d4 Nf6 2. c4 c5 3. e3 g6 4. Nf3 Bg7 5. Nc3 0-0 6. Be2 cxd4 7. exd4 d5 8. c5 Ne4 9. 0-0 Nc6 10. Be3 f5 11. g3 f4 12. Bxf4 Bh3 13. Re1 Rxf4 14. gxf4 Qd7 15. Ne5 Bxe5 16. dxe5 Nxc3 17. bxc3 Qf5 18. Qxd5+ e6 19. Qd3 1-0

[Event "Zalakaros op 30th"]
[Site "Zalakaros"]
[Date "2011.05.23"]
[Round "4"]
[White "Egri, Laszlo Jr"]
[Black "Bereczki, Janos"]
[Result "1/2-1/2"]
[WhiteElo "2024"]
[BlackElo "2198"]
[PlyCount "95"]
[EventDate "2011.05.20"]
[EventType "swiss"]
[EventRounds "9"]
[EventCountry "HUN"]
[SourceTitle "CBM 142 Extra"]
[Source "ChessBase"]
[SourceDate "2011.06.27"]
[SourceVersion "1"]
[SourceVersionDate "2011.06.27"]
[SourceQuality "1"]

1. e4 e6 2. d4 d5 3. Nd2 dxe4 4. Nxe4 Nd7 5. Bd3 Ngf6 6. Qe2 Be7 7. Nf3 Nxe4 8. Bxe4 Nf6 9. Bxb7 Bxb7 10. Qb5+ Qd7 11. Qxb7 0-0 12. 0-0 Rab8 13. Qa6 Rb6 14. Qe2 Qd5 15. c3 a5 16. Bf4 Qb7 17. b3 Rd8 18. Qc2 Rc8 19. Ne5 Ra6 20. Rfe1 c5 21. dxc5 Bxc5 22. Be3 Be7 23. Bd4 a4 24. c4 Rca8 25. Red1 Rb8 26. Rdb1 Qc7 27. Nd3 Rd8 28. Be5 Qc8 29. b4 Ra8 30. Rc1 Qb7 31. Qe2 a3 32. Rab1 Rac8 33. h3 Qe4 34. Qxe4 Nxe4 35. Rb3 Nd2 36. Rbc3 f6 37. Bg3 Rxc4 38. Rxc4 Nxc4 39. Nc5 Ne5 40. Rc3 Rc8 41. Rxa3 Bxc5 42. bxc5 Rxc5 43. Ra7 Nd3 44. Ra3 Rc1+ 45. Kh2 Rd1 46. Ra7 e5 47. h4 h5 48. f3 1/2-1/2

[Event "Zalakaros op 30th"]
[Site "Zalakaros"]
[Date "2011.05.21"]
[Round "2"]
[White "Zilahi, Gabor"]
[Black "Bereczki, Janos"]
[Result "1/2-1/2"]
[WhiteElo "2038"]
[BlackElo "2198"]
[PlyCount "120"]
[EventDate "2011.05.20"]
[EventType "swiss"]
[EventRounds "9"]
[EventCountry "HUN"]
[SourceTitle "CBM 142 Extra"]
[Source "ChessBase"]
[SourceDate "2011.06.27"]
[SourceVersion "1"]
[SourceVersionDate "2011.06.27"]
[SourceQuality "1"]

1. d4 d5 2. e3 Nf6 3. Bd3 g6 4. Nd2 Bg7 5. f4 c5 6. c3 0-0 7. Ngf3 Nc6 8. 0-0 b6 9. Ne5 Bb7 10. Qf3 e6 11. b3 Nxe5 12. fxe5 Nd7 13. Qh3 Qe7 14. Ba3 f6 15. exf6 Bxf6 16. Rae1 e5 17. e4 Bg7 18. exd5 Rxf1+ 19. Bxf1 Bxd5 20. Bc4 Bxc4 21. Nxc4 Re8 22. Qg3 b5 23. Nd2 Qd8 24. d5 Qa5 25. Nb1 b4 26. cxb4 cxb4 27. Bc1 Qxd5 28. Be3 a5 29. Nd2 e4 30. Nc4 a4 31. Qd6 Qxd6 32. Nxd6 Re6 33. Nc4 axb3 34. axb3 Ne5 35. Nd2 Nd3 36. Re2 Bc3 37. Bg5 Nc1 38. Rxe4 Rxe4 39. Nxe4 Nxb3 40. Kf1 Be5 41. Be7 Bc3 42. Ke2 Kf7 43. Bg5 Be5 44. h3 Na5 45. Bd2 Nc6 46. Kd3 b3 47. Bc3 h6 48. g4 b2 49. Kc2 Bxc3 50. Nxc3 Ke6 51. Kxb2 Ke5 52. Kc2 Kf4 53. Ne2+ Ke3 54. Kd1 g5 55. Ke1 Kf3 56. Kf1 Ne5 57. Nd4+ Ke4 58. Nf5 h5 59. Ng3+ Kf3 60. Nxh5 Nxg4 1/2-1/2

[Event "Zalakaros op 30th"]
[Site "Zalakaros"]
[Date "2011.05.20"]
[Round "1"]
[White "Bereczki, Janos"]
[Black "Czebe, Attila"]
[Result "0-1"]
[WhiteElo "2198"]
[BlackElo "2473"]
[PlyCount "56"]
[EventDate "2011.05.20"]
[EventType "swiss"]
[EventRounds "9"]
[EventCountry "HUN"]
[SourceTitle "CBM 142 Extra"]
[Source "ChessBase"]
[SourceDate "2011.06.27"]
[SourceVersion "1"]
[SourceVersionDate "2011.06.27"]
[SourceQuality "1"]

1. d4 d6 2. Nf3 g6 3. c4 Bg7 4. Nc3 Bg4 5. e3 Nc6 6. Be2 e5 7. d5 Nce7 8. e4 h6 9. Nd2 Bd7 10. a3 f5 11. b4 Nf6 12. Bb2 0-0 13. Bd3 Nh5 14. Ne2 fxe4 15. Nxe4 Nf5 16. g3 Nd4 17. Nxd4 exd4 18. Kd2 Nf6 19. f3 Nxe4+ 20. Bxe4 Bf5 21. Re1 Qf6 22. Kc1 Bxe4 23. fxe4 Qf2 24. Re2 Qf3 25. Qe1 Qd3 26. Qd1 Qxd1+ 27. Kxd1 d3 28. Rg2 Bxb2 0-1

[Event "HUN-chT2 Breyer 1011"]
[Site "Hungary"]
[Date "2011.04.10"]
[Round "8.1"]
[White "Kubacsny, Laszlo"]
[Black "Bereczki, Janos"]
[Result "0-1"]
[WhiteElo "2324"]
[BlackElo "2229"]
[PlyCount "102"]
[EventDate "2010.09.12"]
[EventType "team-tourn"]
[EventRounds "11"]
[EventCountry "HUN"]
[SourceTitle "EXT 2012"]
[Source "ChessBase"]
[SourceDate "2011.11.24"]
[SourceVersion "1"]
[SourceVersionDate "2011.11.24"]
[SourceQuality "1"]
[WhiteTeam "Torokbalint"]
[BlackTeam "Zoltek"]
[WhiteTeamCountry "HUN"]
[BlackTeamCountry "HUN"]

1. e4 e6 2. d4 d5 3. Nc3 dxe4 4. Nxe4 Nd7 5. Nf3 Ngf6 6. Bd3 Be7 7. 0-0 0-0 8. Qe2 b6 9. Nxf6+ Nxf6 10. c3 Bb7 11. Bg5 Nd7 12. Bxe7 Qxe7 13. Rad1 Rfd8 14. Rfe1 Qf6 15. Be4 Bd5 16. c4 Bxe4 17. Qxe4 c5 18. d5 exd5 19. Rxd5 Nf8 20. b3 Rxd5 21. cxd5 Rd8 22. h4 Qd6 23. Rd1 Nd7 24. Ng5 Nf6 25. Qf3 Qe5 26. d6 h6 27. Nh3 Qe4 28. Qg3 Qe2 29. Rd3 Ne4 30. Qe3 Qxe3 31. Rxe3 Nxd6 32. Re7 Nb5 33. g3 a5 34. Rb7 Rd6 35. Nf4 Nc3 36. a3 Nb5 37. Rb8+ Kh7 38. Rf8 Rd7 39. Rb8 Rd6 40. Rf8 g5 41. hxg5 hxg5 42. Nh5 g4 43. f3 gxf3 44. Kf2 Nd4 45. g4 Re6 46. Nf4 Re7 47. Rb8 b5 48. a4 b4 49. g5 Re4 50. Nd5 Re2+ 51. Kf1 Nxb3 0-1

[Event "HUN-chT2 Breyer 1011"]
[Site "Hungary"]
[Date "2010.10.24"]
[Round "4.1"]
[White "Bereczki, Janos"]
[Black "Horvath, Janos"]
[Result "0-1"]
[WhiteElo "2229"]
[BlackElo "2091"]
[PlyCount "68"]
[EventDate "2010.09.12"]
[EventType "team-tourn"]
[EventRounds "11"]
[EventCountry "HUN"]
[SourceTitle "EXT 2012"]
[Source "ChessBase"]
[SourceDate "2011.11.24"]
[SourceVersion "1"]
[SourceVersionDate "2011.11.24"]
[SourceQuality "1"]
[WhiteTeam "Zoltek"]
[BlackTeam "MAFC"]
[WhiteTeamCountry "HUN"]
[BlackTeamCountry "HUN"]

1. d4 Nf6 2. Nf3 g6 3. g3 Bg7 4. Bg2 0-0 5. 0-0 d6 6. c4 Nbd7 7. Nc3 e5 8. dxe5 dxe5 9. Qc2 c6 10. b3 Re8 11. e4 Nc5 12. Rd1 Nfd7 13. Bb2 a5 14. Rab1 Qf6 15. a3 Nf8 16. Ne2 Qe7 17. b4 axb4 18. axb4 Na6 19. Bc3 Bg4 20. b5 Nc5 21. bxc6 bxc6 22. Bb4 Nfe6 23. h3 Bxf3 24. Bxf3 Red8 25. Bg2 Rxd1+ 26. Rxd1 Qa7 27. Bd2 Rd8 28. Be3 Nd4 29. Bxd4 exd4 30. Nc1 Qa3 31. Nd3 Qc3 32. Qb1 Nb3 33. Bf1 Re8 34. Nc1 Nd2 0-1